Infezione da HIV e AIDS. Centri diagnostico-clinici presenti sul territorio italiano

সংরক্ষণ করুন:
গ্রন্থ-পঞ্জীর বিবরন
সংস্থা লেখক: Istituto Superiore di Sanità Dipartimento Malattie Infettive, Parassitarie e Immunomediate
অন্যান্য লেখক: Gallo, Pietro, Luzi, Anna Maria, D'Agostini, Anna, Valli, Rudi, Santoro, Angela, Colucci, Anna
বিন্যাস: গ্রন্থ
ভাষা:ইংরেজি
প্রকাশিত: Roma Istituto Superiore di Sanità 2006
ট্যাগগুলো: ট্যাগ যুক্ত করুন
কোনো ট্যাগ নেই, প্রথমজন হিসাবে ট্যাগ করুন!

MARC

LEADER 00000nam a22000007a 4500
005 20240117171351.0
008 240117b |||||||| |||| 00| 0 eng d
040 |c GP 
110 |a Istituto Superiore di Sanità Dipartimento Malattie Infettive, Parassitarie e Immunomediate 
245 |a Infezione da HIV e AIDS.   |b Centri diagnostico-clinici presenti sul territorio italiano 
260 |a Roma  |b Istituto Superiore di Sanità  |c 2006 
700 |a Gallo, Pietro 
700 |a Luzi, Anna Maria 
700 |a D'Agostini, Anna 
700 |a Valli, Rudi 
700 |a Santoro, Angela 
700 |a Colucci, Anna 
942 |2 ddc  |c BK  |n 0 
952 |0 0  |1 0  |2 ddc  |4 0  |6 614_050000000000000_GAL  |7 1  |9 499  |a RM  |b RM  |d 2024-01-17  |l 0  |o 614.05 GAL  |p 79  |r 2024-01-17 17:14:28  |w 2024-01-17  |y BK 
999 |c 425  |d 425